00393pab a2200133 454500008003600000100002000036245003100056650001400087650001700101773001200118909001000130999001700140952010200157180718b xxu||||| |||| 00| 0 eng d aDang, Satya Pal aDevalued office of speaker a Speakers aLegislatures aPatriot a21819 c21819d21819 00104070aIIPAbIIPAd2018-07-19hIssue no: 15 May 92, p.4pAR21888r2018-07-19w2018-07-19yAR